| 000 | 02453cam a2200385 a 4500 | ||
|---|---|---|---|
| 999 |
_c11145 _d11145 |
||
| 001 | 16834636 | ||
| 003 | GZU | ||
| 005 | 20240314112406.0 | ||
| 008 | 110615s2012 paua 001 0 eng | ||
| 010 | _a 2011025451 | ||
| 020 | _a9788184732207 | ||
| 022 | _a1451113420 | ||
| 035 | _a(DNLM)101562744 | ||
| 040 |
_aDNLM/DLC _cDLC _dDLC |
||
| 042 | _apcc | ||
| 050 | 0 | 0 |
_aQM601 _b.LAN 2010 |
| 100 | 1 |
_aSadler, T. W. _q(Thomas W.) _eauthor |
|
| 245 | 1 | 0 |
_aLangman's medical embryology / _cT. W. Sadler |
| 246 | 3 | 0 | _aMedical embryology |
| 250 |
_a11th edition / _bT.W. Sadler ; original illustrations by Jill Leland ; computer illustrations by Susan L. Sadler-Redmond ; scanning electron micrographs by Kathy Tosney ; ultrasound images by Nancy Chescheir and Hytham Imseis. |
||
| 260 |
_aPhiladelphia : _bWolters Kluwer Health/Lippincott Williams & Wilkins, _cc2010. |
||
| 300 |
_aix, 385 pages : _billustrations (some colour) ; _c26 cm. |
||
| 500 | _aIncludes index. | ||
| 504 | _aIncludes bibliographical references and index | ||
| 505 | _a Embryology : old and new frontiers and an introduction to molecular regulation and signaling -- Gametogenesis : conversion of germ cells into male and female gametes -- First week of development : ovulation to implantation -- Second week of development : bilaminar germ disc -- Third week of development : trilaminar germ disc -- Third to eighth weeks : the embryonic period -- Third month to birth : the fetus and placenta -- Birth defects and prenatal diagnosis -- Skeletal system -- -- Muscular system -- Body cavities -- Cardiovascular system -- Respiratory system -- Digestive system -- Urogenital system -- Head and neck -- Central nervous system -- Ear -- Eye -- Integumentary system | ||
| 520 | _aThe brand new 11th edition of this respected text covers all aspects of embryology of interest to medical students & instructors, & includes clinical correlates that provide information on birth defects & other clinical entities directly related to embryologic concepts | ||
| 650 | 0 |
_aEmbryology, Human _vTextbooks. |
|
| 650 | 0 |
_aAbnormalities, Human _vTextbooks. |
|
| 650 | 1 | 2 | _aEmbryology. |
| 650 | 2 | 2 | _aCongenital Abnormalities. |
| 700 | 1 |
_aLangman, Jan. _tMedical embryology. |
|
| 856 | 4 | 2 |
_3Publisher description _uhttp://www.loc.gov/catdir/enhancements/fy1211/2011025451-d.html |
| 906 |
_a7 _bcbc _corignew _d1 _eecip _f20 _gy-gencatlg |
||
| 942 |
_2lcc _cBK _eEleventh edition _h601 _iLAN _kQM |
||